000 00595nam a2200193Ia 4500
003 GCL
008 140319s9999 xx 000 0 ara d
040 _aGCL /
_cGCL
082 0 4 _a953.08
_bم ا
100 1 _aمحمود رزق سليم
245 1 0 _aالاشرف قانصوه الغورى /
_cمحمود رزق سليم
300 _a199 ص
490 _aاعلام العرب
_v0
650 0 4 _aدولة المماليك
650 0 4 _aالمماليك
650 0 4 _aمصر - تاريخ - عصر المماليك ( 1250-1517 م )
650 0 4 _aقانصوه الغورى
942 _2ddc
_cBK
999 _c50796
_d50796